000 00838nam a2200253 a 4500
005 20241113063733.0
008 060403s2003 es r 000 0 spa d
020 _a8449314224
035 _aUPN01000143680
049 _aCG
050 4 _aN84
_bE3.3
100 1 _aEfland, Arthur David,
_d1929-
_931403
245 1 3 _aLa educación en el arte posmoderno /
_cArthur D. Efland, Kerry Freedman y Patricia Stuhr ; tr. Lucas Vermal.
260 _aBarcelona, Esp. :
_bPaidós,
_cc2003.
300 _a237 p. :
_bil.
440 0 _aArte y educación ;
_v7
534 _pTítulo original:
_tPostmodern art education
650 2 _aPostmodernismo
_95929
650 4 _aArte
_xEstudio y enseñanza
_9207
650 4 _aFILOSOFIA DEL ARTE MODERNO
_96059
700 1 _aFreedman, Kerry,
_ecoaut.
700 1 _aStuhr, Patricia,
_ecoaut.
905 _aLibro
999 _c115827
_d115827